[Event "N1 Reykjavik Open 2014"]
[Site "Reykjavik, Iceland"]
[Date "2014.03.08"]
[Round "6.18"]
[White "Ekeberg, Carl Fredrik"]
[Black "Colovic, Aleksandar"]
[Result "0-1"]
[WhiteElo "2303"]
[BlackElo "2493"]
[LiveChessVersion "1.4.2"]

1. d4 
    {[%clk 1:30:48]}
1. ... Nf6 
    {[%clk 1:30:49]}
2. c4 
    {[%clk 1:31:11]}
2. ... e6 
    {[%clk 1:31:11]}
3. Nc3 
    {[%clk 1:31:21]}
3. ... Bb4 
    {[%clk 1:31:31]}
4. e3 
    {[%clk 1:31:30]}
4. ... O-O 
    {[%clk 1:31:41]}
5. Bd3 
    {[%clk 1:31:39]}
5. ... d5 
    {[%clk 1:31:53]}
6. Nf3 
    {[%clk 1:31:42]}
6. ... dxc4 
    {[%clk 1:25:20]}
7. Bxc4 
    {[%clk 1:31:48]}
7. ... c5 
    {[%clk 1:25:48]}
8. O-O 
    {[%clk 1:31:54]}
8. ... Qe7 
    {[%clk 1:25:07]}
9. a3 
    {[%clk 1:20:25]}
9. ... Ba5 
    {[%clk 1:25:35]}
10. Qe2 
    {[%clk 1:16:12]}
10. ... Nc6 
    {[%clk 1:25:43]}
11. Rd1 
    {[%clk 1:03:55]}
11. ... Bd7 
    {[%clk 1:19:02]}
12. Bd2 
    {[%clk 0:59:57]}
12. ... Bb6 
    {[%clk 1:15:06]}
13. Be1 
    {[%clk 0:53:27]}
13. ... cxd4 
    {[%clk 1:12:44]}
14. exd4 
    {[%clk 0:53:38]}
14. ... Rfd8 
    {[%clk 1:12:40]}
15. Ne4 
    {[%clk 0:47:13]}
15. ... Rac8 
    {[%clk 1:05:32]}
16. Nxf6+ 
    {[%clk 0:42:14]}
16. ... Qxf6 
    {[%clk 1:05:56]}
17. Bc3 
    {[%clk 0:42:07]}
17. ... Qe7 
    {[%clk 1:02:41]}
18. Ba2 
    {[%clk 0:36:45]}
18. ... Be8 
    {[%clk 0:50:55]}
19. Rd2 
    {[%clk 0:33:51]}
19. ... Qc7 
    {[%clk 0:25:03]}
20. d5 
    {[%clk 0:31:34]}
20. ... exd5 
    {[%clk 0:25:32]}
21. Rxd5 
    {[%clk 0:30:03]}
21. ... Rxd5 
    {[%clk 0:22:08]}
22. Bxd5 
    {[%clk 0:30:27]}
22. ... h6 
    {[%clk 0:13:38]}
23. Qe4 
    {[%clk 0:26:15]}
23. ... Bc5 
    {[%clk 0:10:51]}
24. Re1 
    {[%clk 0:20:57]}
24. ... Bf8 
    {[%clk 0:08:48]}
25. Nh4 
    {[%clk 0:17:19]}
25. ... Ne7 
    {[%clk 0:05:24]}
26. Bxb7 
    {[%clk 0:15:17]}
26. ... Rb8 
    {[%clk 0:05:54]}
27. Ba6 
    {[%clk 0:14:52]}
27. ... Bc6 
    {[%clk 0:06:23]}
28. Qg4 
    {[%clk 0:11:57]}
28. ... Nd5 
    {[%clk 0:04:22]}
29. Bd4 
    {[%clk 0:06:24]}
29. ... Qa5 
    {[%clk 0:03:58]}
30. b4 
    {[%clk 0:06:36]}
30. ... Qxa3 
    {[%clk 0:03:04]}
31. b5 
    {[%clk 0:04:27]}
31. ... Qb4 
    {[%clk 0:02:45]}
32. Nf3 
    {[%clk 0:02:46]}
32. ... Bxb5 
    {[%clk 0:02:49]}
33. Bxb5 
    {[%clk 0:02:45]}
33. ... Rxb5 
    {[%clk 0:02:50]}
34. Qd7 
    {[%clk 0:01:51]}
34. ... a6 
    {[%clk 0:02:01]}
35. h3 
    {[%clk 0:01:25]}
35. ... Qd6 
    {[%clk 0:01:57]}
36. Qa7 
    {[%clk 0:01:09]}
36. ... Nf6 
    {[%clk 0:00:45]}
37. Bc3 
    {[%clk 0:00:41]}
37. ... Qb6 
    {[%clk 0:00:49]}
38. Qa8 
    {[%clk 0:00:46]}
38. ... Rb1 
    {[%clk 0:00:43]}
39. Rxb1 
    {[%clk 0:00:45]}
39. ... Qxb1+ 
    {[%clk 0:01:12]}
40. Kh2 
    {[%clk 0:30:54]}
40. ... Qb6 
    {[%clk 0:31:25]}
41. Bd4 
    {[%clk 0:26:53]}
41. ... Qd6+ 
    {[%clk 0:31:28]}
42. Be5 
    {[%clk 0:24:13]}
42. ... Qe6 
    {[%clk 0:31:56]}
43. Bd4 
    {[%clk 0:24:04]}
43. ... Nd7 
    {[%clk 0:32:00]}
44. Be3 
    {[%clk 0:23:18]}
44. ... Kh7 
    {[%clk 0:28:35]}
45. Qa7 
    {[%clk 0:21:06]}
45. ... Bb4 
    {[%clk 0:23:40]}
46. Qb7 
    {[%clk 0:17:10]}
46. ... Bc5 
    {[%clk 0:22:48]}
47. Bxc5 
    {[%clk 0:17:23]}
47. ... Nxc5 
    {[%clk 0:23:17]}
48. Qa7 
    {[%clk 0:17:23]}
48. ... Nb3 
    {[%clk 0:22:34]}
49. Qb7 
    {[%clk 0:14:40]}
49. ... Nc5 
    {[%clk 0:16:34]}
50. Qa7 
    {[%clk 0:13:17]}
50. ... Ne4 
    {[%clk 0:17:02]}
51. Kg1 
    {[%clk 0:13:07]}
51. ... Ng5 
    {[%clk 0:11:36]}
52. Nxg5+ 
    {[%clk 0:13:20]}
52. ... hxg5 
    {[%clk 0:12:01]}
53. Qc5 
    {[%clk 0:13:31]}
53. ... Qe1+ 
    {[%clk 0:10:19]}
54. Kh2 
    {[%clk 0:13:59]}
54. ... g6 
    {[%clk 0:10:31]}
55. f3 
    {[%clk 0:12:23]}
55. ... Qd2 
    {[%clk 0:09:42]}
56. Qa7 
    {[%clk 0:11:22]}
56. ... Qd6+ 
    {[%clk 0:09:38]}
57. Kh1 
    {[%clk 0:11:44]}
57. ... Kg7 
    {[%clk 0:10:02]}
58. Qe3 
    {[%clk 0:11:42]}
58. ... Qd1+ 
    {[%clk 0:08:58]}
59. Kh2 
    {[%clk 0:12:10]}
59. ... Qd6+ 
    {[%clk 0:08:52]}
60. Kh1 
    {[%clk 0:12:37]}
60. ... Qd1+ 
    {[%clk 0:09:47]}
61. Kh2 
    {[%clk 0:13:03]}
61. ... Qd5 
    {[%clk 0:10:11]}
62. Qc3+ 
    {[%clk 0:11:31]}
62. ... Kh7 
    {[%clk 0:10:40]}
63. Kh1 
    {[%clk 0:09:29]}
63. ... a5 
    {[%clk 0:11:09]}
64. Qc2 
    {[%clk 0:09:43]}
64. ... Qe5 
    {[%clk 0:10:45]}
65. Qb3 
    {[%clk 0:09:27]}
65. ... Kg7 
    {[%clk 0:10:21]}
66. Qa4 
    {[%clk 0:08:36]}
66. ... Qe1+ 
    {[%clk 0:10:44]}
67. Kh2 
    {[%clk 0:09:05]}
67. ... Qb4 
    {[%clk 0:11:07]}
68. Qa1+ 
    {[%clk 0:09:29]}
68. ... Kg8 
    {[%clk 0:11:25]}
69. Qd1 
    {[%clk 0:09:11]}
69. ... Qf4+ 
    {[%clk 0:11:47]}
70. Kh1 
    {[%clk 0:08:35]}
70. ... a4 
    {[%clk 0:12:11]}
71. Qd8+ 
    {[%clk 0:08:54]}
71. ... Kg7 
    {[%clk 0:12:28]}
72. Qe7 
    {[%clk 0:09:00]}
72. ... Qc1+ 
    {[%clk 0:12:14]}
73. Kh2 
    {[%clk 0:09:29]}
73. ... a3 
    {[%clk 0:12:39]}
74. Qe5+ 
    {[%clk 0:09:51]}
74. ... Kh7 
    {[%clk 0:13:03]}
75. Qd5 
    {[%clk 0:09:50]}
75. ... Qf4+ 
    {[%clk 0:12:26]}
76. Kh1 
    {[%clk 0:10:02]}
76. ... Kg7 
    {[%clk 0:12:43]}
77. Kg1 
    {[%clk 0:09:43]}
77. ... Qc1+ 
    {[%clk 0:12:49]}
78. Kh2 
    {[%clk 0:10:10]}
78. ... Qb2 
    {[%clk 0:13:14]}
0-1

[Event "N1 Reykjavik Open 2014"]
[Site "Reykjavik, Iceland"]
[Date "2014.03.08"]
[Round "6.19"]
[White "Harika, Dronavalli"]
[Black "Bekker-Jensen, David"]
[Result "1-0"]
[WhiteElo "2487"]
[BlackElo "2299"]
[LiveChessVersion "1.4.2"]

1. Nf3 Nf6 2. c4 g6 3. Nc3 Bg7 4. e4 d6 5. d4 O-O 6. h3 e5 7. d5 a5 8. g4 
Na6 9. Be3 Nc5 10. Nd2 c6 11. Be2 Bd7 12. h4 cxd5 13. cxd5 a4 14. g5 Ne8 
15. a3 f5 16. h5 Rf7 17. Kf1 Qa5 18. Rc1 b5 19. Na2 Na6 20. Nf3 Qd8 21. 
hxg6 hxg6 22. exf5 gxf5 23. g6 Rf8 24. Bg5 Nf6 25. Rc6 Bxc6 26. dxc6 Nc7 
27. Nc3 Qe8 28. Nxb5 Qxc6 29. Nxc7 Ne4 30. Qd5+ Qxd5 31. Nxd5 Bf6 32. Bc4 
Bxg5 33. Rh7 Rf7 34. Rxf7 Rc8 35. Nxg5 1-0

[Event "N1 Reykjavik Open 2014"]
[Site "Reykjavik, Iceland"]
[Date "2014.03.08"]
[Round "6.20"]
[White "Khademalsharieh, Sarasadat"]
[Black "Elsness, Frode"]
[Result "0-1"]
[WhiteElo "2294"]
[BlackElo "2479"]
[EventDate "2014.03.04"]
[PlyCount "92"]

1. d4 Nf6 2. Nf3 e6 3. c4 Bb4+ 4. Bd2 a5 5. g3 O-O 6. Bg2 d5 7. cxd5 exd5 
8. O-O c6 9. Nc3 Bf5 10. Rc1 Na6 11. Bf4 Nc7 12. Na4 Ne6 13. Be3 Be4 14. 
Qb3 Qe7 15. a3 Bd6 16. Rfd1 Ng4 17. Nc5 Bxc5 18. dxc5 a4 19. Qc3 Nxe3 20. 
Qxe3 Bxf3 21. Bxf3 Ra5 22. Rd4 Re8 23. Rb4 Nxc5 24. Qc3 Qe5 25. Qxe5 Rxe5 
26. Rc3 Kf8 27. e3 Ke7 28. Bd1 Kd6 29. Bc2 g6 30. h4 b5 31. Rd4 f5 32. h5 
Ne4 33. f4 Re6 34. Bxe4 Rxe4 35. Rxe4 fxe4 36. hxg6 hxg6 37. Rc2 b4 38. 
Rh2 b3 39. Rh6 Rc5 40. Rxg6+ Kd7 41. Rg7+ Ke6 42. g4 Rc2 43. f5+ Kf6 44. 
Rg6+ Kf7 45. g5 Rxb2 46. Rxc6 Rc2 0-1

[Event "N1 Reykjavik Open 2014"]
[Site "Reykjavik, Iceland"]
[Date "2014.03.08"]
[Round "6.21"]
[White "Shoker, Samy"]
[Black "Ponomarenko, Alexandr"]
[Result "1-0"]
[WhiteElo "2466"]
[BlackElo "2274"]
[EventDate "2014.03.04"]
[PlyCount "0"]

1. c4 Nf6 2. g3 e6 3. Bg2 d5 4. Nf3 Be7 5. O-O O-O 6. b3 c5 7. Bb2 d4 8. 
e3 Nc6 9. exd4 cxd4 10. Re1 Bc5 11. Ne5 Nxe5 12. Rxe5 Qe7 13. Rxc5 Qxc5 
14. Ba3 Qc7 15. Bxf8 Kxf8 16. d3 e5 17. Nd2 Bd7 18. Ne4 Nxe4 19. Bxe4 Bc6 
20. Qf3 Re8 21. Re1 a5 22. Bxc6 Qxc6 23. Qh5 Qg6 24. Rxe5 Qxd3 25. Rxe8+ 
Kxe8 26. Qb5+ Kf8 27. Qc5+ Ke8 28. Qc8+ Ke7 29. Qxb7+ Kf6 30. Qc6+ Ke7 31.
 Qc5+ Kf6 32. Qd6+ Kg5 33. Qd5+ Kf6 34. Kg2 g6 35. Qf3+ 1-0

[Event "N1 Reykjavik Open 2014"]
[Site "Reykjavik, Iceland"]
[Date "2014.03.08"]
[Round "6.22"]
[White "Panjwani, Raja"]
[Black "Grant, Jonathan I M"]
[Result "1-0"]
[WhiteElo "2460"]
[BlackElo "2255"]
[EventDate "2014.03.04"]
[PlyCount "103"]

1. Nf3 Nf6 2. c4 c5 3. Nc3 e6 4. e3 Nc6 5. d4 d5 6. cxd5 exd5 7. Bb5 Be6 
8. O-O Be7 9. dxc5 Bxc5 10. b3 O-O 11. Bb2 Rc8 12. Rc1 Bd6 13. Ne2 a6 14. 
Bd3 Qe7 15. Ned4 Nb4 16. Rxc8 Bxc8 17. Nf5 Bxf5 18. Bxf5 Nxa2 19. Qb1 Nb4 
20. Bxf6 Qxf6 21. Bxh7+ Kh8 22. Bf5 g6 23. Bg4 Kg7 24. Rd1 Re8 25. h3 Re7 
26. Nd4 Rc7 27. Bf3 Be5 28. Qa1 Nc2 29. Qa5 Nxd4 30. exd4 Bf4 31. Qxd5 b6 
32. Qe4 Rc3 33. Rd3 Rxd3 34. Qxd3 a5 35. g3 Bd6 36. Kg2 Ba3 37. h4 Bb2 38.
 d5 Qd4 39. Qxd4+ Bxd4 40. d6 b5 41. Bc6 b4 42. d7 Bb6 43. g4 f6 44. Be4 
Bd8 45. Kh3 Kf7 46. h5 gxh5 47. gxh5 Kg7 48. Kg4 Kf7 49. h6 Bb6 50. Bf5 
Bc7 51. h7 Kg7 52. Kf3 1-0

[Event "N1 Reykjavik Open 2014"]
[Site "Reykjavik, Iceland"]
[Date "2014.03.08"]
[Round "6.23"]
[White "Kvisvik, Brede"]
[Black "Djurhuus, Rune"]
[Result "0-1"]
[WhiteElo "2257"]
[BlackElo "2447"]
[EventDate "2014.03.04"]
[PlyCount "126"]

1. d4 e6 2. c4 f5 3. g3 Nf6 4. Bg2 d5 5. Nh3 c6 6. O-O Bd6 7. b3 O-O 8. 
Ba3 Bxa3 9. Nxa3 Qe7 10. Nb1 dxc4 11. bxc4 e5 12. dxe5 Qxe5 13. Nd2 Na6 
14. Nf3 Qe7 15. Nf4 Ne4 16. h4 Be6 17. Qd4 Bf7 18. Rfd1 Rfd8 19. Qe5 Qc5 
20. Nd3 Qxe5 21. Nfxe5 Nc3 22. Rd2 Nc5 23. Bf3 N3e4 24. Rb2 Nxd3 25. exd3 
Nc5 26. Be2 f4 27. g4 Rd6 28. Nf3 Re8 29. Bf1 b6 30. d4 Na4 31. Rc2 Bg6 
32. Rd2 h5 33. Bh3 Bf7 34. Rc1 Be6 35. Re1 Red8 36. Rxe6 Rxe6 37. gxh5 
Red6 38. Re2 Kf8 39. Re4 Nc3 40. Re5 Re8 41. Rf5+ Rf6 42. Rxf6+ gxf6 43. 
h6 Nxa2 44. d5 cxd5 45. cxd5 Ke7 46. Nd4 Kd6 47. Be6 Rh8 48. Bf7 Nb4 49. 
Nf5+ Ke5 50. Ne7 Rxh6 51. d6 f5 52. Bg6 Ke6 53. h5 Rh8 54. Nxf5 Nc6 55. 
Kf1 Ne5 56. Ng7+ Kxd6 57. Be4 Ng4 58. f3 Nh6 59. Bg6 Rc8 60. Ke2 Ke5 61. 
Kd2 a5 62. Be8 Kf6 63. Bd7 Rd8 0-1

[Event "N1 Reykjavik Open 2014"]
[Site "Reykjavik, Iceland"]
[Date "2014.03.08"]
[Round "6.24"]
[White "Ptacnikova, Lenka"]
[Black "Kjartansson, Gudmundur"]
[Result "1-0"]
[WhiteElo "2239"]
[BlackElo "2441"]
[EventDate "2014.03.04"]
[PlyCount "73"]

1. c4 g6 2. g3 c5 3. Bg2 Nc6 4. Nc3 Bg7 5. Nf3 d6 6. O-O Bf5 7. d3 Qd7 8. 
Nd5 Rc8 9. Re1 Nf6 10. e4 Bh3 11. Bh1 h6 12. Rb1 Nxd5 13. exd5 Nd4 14. 
Nxd4 Bxd4 15. Bg2 h5 16. Bg5 f6 17. Bxh3 Qxh3 18. Be3 h4 19. g4 f5 20. 
Bxd4 cxd4 21. f3 fxg4 22. fxg4 O-O 23. Qe2 Rf7 24. Qe6 Rf8 25. Qxg6+ Rg7 
26. Qe6+ Rff7 27. Re2 Qxd3 28. Rf1 h3 29. Ref2 Qe3 30. Qxe3 dxe3 31. Rxf7 
Rxg4+ 32. Kh1 e2 33. Rf8+ Kg7 34. R1f7+ Kh6 35. Rxe7 Rxc4 36. Rg8 Rc2 37. 
Re3 1-0

[Event "N1 Reykjavik Open 2014"]
[Site "Reykjavik, Iceland"]
[Date "2014.03.08"]
[Round "6.25"]
[White "Norowitz, Yaacov"]
[Black "Teh, Eu Wen Aron"]
[Result "1-0"]
[WhiteElo "2430"]
[BlackElo "2237"]
[EventDate "2014.03.04"]
[PlyCount "0"]

1. d4 Nf6 2. Nf3 e6 3. c4 b6 4. a3 Bb7 5. Nc3 d5 6. Bg5 Be7 7. Rc1 O-O 8. 
e3 Ne4 9. Bxe7 Qxe7 10. cxd5 Nxc3 11. Rxc3 Bxd5 12. Qc2 Rc8 13. Bd3 h6 14.
 Bh7+ Kh8 15. Be4 c5 16. dxc5 Rxc5 17. Bxd5 Rxd5 18. Rc8+ Rd8 19. Rxd8+ 
Qxd8 20. Ne5 Kg8 21. Qe4 Nd7 22. Nc6 Nc5 23. Qf3 Qe8 24. O-O Rc8 25. Nd4 
Nd3 26. Qe2 Ne5 27. h3 Qd7 28. Rd1 Rd8 29. Rc1 Rc8 30. Rc2 Rxc2 31. Qxc2 
Qb7 32. b4 g6 33. b5 Kf8 34. Qc3 1-0

[Event "N1 Reykjavik Open 2014"]
[Site "Reykjavik, Iceland"]
[Date "2014.03.08"]
[Round "6.26"]
[White "Porper, Edward"]
[Black "Wengler, Joerg"]
[Result "1-0"]
[WhiteElo "2427"]
[BlackElo "2080"]
[EventDate "2014.03.04"]
[PlyCount "0"]

1. c4 c6 2. e4 d5 3. exd5 cxd5 4. cxd5 Nf6 5. Nc3 g6 6. Bc4 Bg7 7. Nf3 O-O
8. O-O Nbd7 9. d3 Nb6 10. Qb3 Nfd7 11. Be3 Ne5 12. Nxe5 Bxe5 13. Nb5 Bd7 
14. Rae1 Qb8 15. f4 Bf6 16. Bc5 Nc8 17. Nc3 b6 18. Ba3 a6 19. d6 Nxd6 20. 
Bd5 Ra7 21. Ne4 Nxe4 22. dxe4 Bd4+ 23. Kh1 Bc5 24. Bxc5 bxc5 25. Bxf7+ Kg7
26. Bc4 h6 27. Qc3+ Kh7 28. f5 gxf5 29. exf5 Bb5 30. Re6 Bxc4 31. Qxc4 Qb5
32. Rxh6+ Kxh6 33. Qh4+ Kg7 34. Qg5+ Kh8 35. Qh6+ Kg8 36. Qg6+ 1-0

[Event "N1 Reykjavik Open 2014"]
[Site "Reykjavik, Iceland"]
[Date "2014.03.08"]
[Round "6.27"]
[White "Kenney, Jason"]
[Black "L'Ami, Alina"]
[Result "0-1"]
[WhiteElo "2124"]
[BlackElo "2398"]
[EventDate "2014.03.04"]
[PlyCount "114"]

1. c4 Nf6 2. g3 g6 3. Bg2 Bg7 4. Nc3 O-O 5. e4 c5 6. Nge2 Nc6 7. O-O a6 8.
 d3 Rb8 9. a4 d6 10. h3 Ne8 11. Be3 Nc7 12. d4 b6 13. d5 Ne5 14. b3 b5 15.
 f4 Nd7 16. Rb1 bxc4 17. bxc4 Nb6 18. Qd3 a5 19. Nb5 Nxa4 20. Qc2 Nb6 21. 
Na7 Bd7 22. Bd2 a4 23. Ba5 Na6 24. Nc6 Bxc6 25. dxc6 e5 26. Nc3 Nb4 27. 
Bxb4 cxb4 28. Rxb4 Rc8 29. Nxa4 Rxc6 30. f5 Nxa4 31. Qxa4 Rb6 32. Rd1 Bh6 
33. Rd3 Qc7 34. Kh2 Rfb8 35. Rxb6 Rxb6 36. c5 Qxc5 37. Qe8+ Bf8 38. fxg6 
hxg6 39. Rf3 Qc7 40. Rf2 Qe7 41. Qc8 Qa7 42. Qe8 Rb1 43. Rf1 Rb2 44. h4 
Qa2 45. Rg1 Rf2 46. Kh3 Qe2 47. Qd7 Kh7 48. Qg4 Qxg4+ 49. Kxg4 f5+ 50. 
exf5 gxf5+ 51. Kg5 Be7+ 52. Kh5 e4 53. g4 e3 54. gxf5 Rf4 55. f6 Bxf6 56. 
Be4+ Rxe4 57. Rg7+ Bxg7 0-1

[Event "N1 Reykjavik Open 2014"]
[Site "Reykjavik, Iceland"]
[Date "2014.03.08"]
[Round "6.28"]
[White "Bagi, Mate"]
[Black "Haldorsen, Benjamin"]
[Result "1-0"]
[WhiteElo "2385"]
[BlackElo "1994"]
[EventDate "2014.03.04"]
[PlyCount "67"]

1. e4 e5 2. Nf3 Nc6 3. Bb5 a6 4. Ba4 Nf6 5. d3 b5 6. Bb3 Be7 7. O-O O-O 8.
 a4 Rb8 9. axb5 axb5 10. Re1 d6 11. c3 h6 12. Nbd2 Re8 13. Nf1 Bf8 14. Ne3
g6 15. h3 Be6 16. Ra6 Bxb3 17. Qxb3 Qd7 18. Bd2 Bg7 19. Nh2 Nd8 20. Ra7 
Ne6 21. Nhg4 Nxg4 22. hxg4 Nf4 23. Qc2 Ra8 24. Rea1 Rxa7 25. Rxa7 Qc6 26. 
g3 Ne6 27. Nd5 Kh7 28. b4 Rb8 29. Qa2 Rb7 30. Be3 Rxa7 31. Qxa7 f5 32. Qb8
Qd7 33. gxf5 gxf5 34. exf5 1-0

[Event "N1 Reykjavik Open 2014"]
[Site "Reykjavik, Iceland"]
[Date "2014.03.08"]
[Round "6.29"]
[White "Cawdery, Daniel"]
[Black "Stefansson, Vignir Vatnar"]
[Result "1-0"]
[WhiteElo "2362"]
[BlackElo "1844"]
[EventDate "2014.03.04"]
[PlyCount "83"]

1. e4 c5 2. Nf3 e6 3. d4 cxd4 4. Nxd4 Nc6 5. Nxc6 bxc6 6. Bd3 Qc7 7. O-O 
d5 8. Nd2 Nf6 9. Qe2 Bd6 10. Nf3 e5 11. exd5 O-O 12. Re1 cxd5 13. Nxe5 Re8
14. Bf4 Ng4 15. Nc4 Rxe2 16. Rxe2 Be6 17. Nxd6 Qb6 18. Nb5 a6 19. Nc7 Rc8 
20. Nxe6 fxe6 21. Rae1 Rc6 22. b3 g6 23. Bg5 Kg7 24. h3 Nh6 25. a4 Nf7 26.
 Be3 d4 27. Bf4 Kf6 28. Bg3 h6 29. Bh4+ g5 30. Bg3 h5 31. h4 g4 32. Bf4 
Qc5 33. Bc4 Kf5 34. Bd3+ Kf6 35. Bc4 Kf5 36. Bg3 Qb4 37. Bxe6+ Kf6 38. Bd5
Rxc2 39. Re6+ Kg7 40. Re7 Rc8 41. Rxf7+ Kh8 42. Be5+ 1-0

[Event "N1 Reykjavik Open 2014"]
[Site "Reykjavik, Iceland"]
[Date "2014.03.08"]
[Round "6.30"]
[White "Galego, Luis"]
[Black "Dolzhikova, Olga"]
[Result "1-0"]
[WhiteElo "2463"]
[BlackElo "2212"]
[EventDate "2014.03.04"]
[PlyCount "0"]

1. e4 e5 2. Nf3 Nf6 3. Nxe5 d6 4. Nf3 Nxe4 5. Nc3 Nf6 6. d4 Be7 7. Bd3 Bg4
8. h3 Bh5 9. Bg5 Nc6 10. g4 Bg6 11. Qe2 Bxd3 12. Qxd3 Nd7 13. h4 h6 14. 
Be3 Nb6 15. O-O-O Qd7 16. d5 Ne5 17. Nxe5 dxe5 18. Qe4 O-O-O 19. h5 Rhe8 
20. Rd3 Bg5 21. Bxg5 hxg5 22. Re1 Kb8 23. f3 Qd6 24. a3 Qc5 25. Red1 f6 
26. Qg6 Qe7 27. Ne4 Rh8 28. d6 cxd6 29. Nxd6 Rhg8 30. Nf5 Qc7 31. Rxd8+ 
Rxd8 32. Rxd8+ Qxd8 33. Nxg7 Qd5 34. Qd3 Qa2 35. Qd6+ Kc8 36. Qe6+ Qxe6 
37. Nxe6 Nc4 38. Nc5 Kd8 39. h6 1-0

[Event "N1 Reykjavik Open 2014"]
[Site "Reykjavik, Iceland"]
[Date "2014.03.08"]
[Round "6.31"]
[White "Karavade, Eesha"]
[Black "Steindorsson, Sigurdur P"]
[Result "1-0"]
[WhiteElo "2408"]
[BlackElo "2215"]
[EventDate "2014.03.04"]
[PlyCount "77"]

1. d4 Nf6 2. c4 e6 3. Nf3 b6 4. g3 Ba6 5. Nbd2 Bb4 6. Qc2 Bb7 7. Bg2 Be4 
8. Qd1 c5 9. dxc5 bxc5 10. O-O Bxd2 11. Bxd2 d5 12. cxd5 exd5 13. Rc1 Nbd7
14. Bh3 O-O 15. Nh4 d4 16. b4 Qb6 17. bxc5 Nxc5 18. Bg5 Nb7 19. f3 d3+ 20.
 Kg2 Qb5 21. Qd2 dxe2 22. Rfe1 Rfd8 23. Qf4 Nh5 24. Qxe4 Qxg5 25. f4 Nd6 
26. Qxh7+ Kxh7 27. fxg5 Re8 28. Bg4 g6 29. Rxe2 Rxe2+ 30. Bxe2 Ng7 31. Rd1
Re8 32. Bd3 Ne4 33. Nf3 Nc3 34. Rd2 Ne6 35. Bc4 Re7 36. h4 Nc5 37. Nh2 Kg7
38. Ng4 Re4 39. Nf6 1-0

[Event "N1 Reykjavik Open 2014"]
[Site "Reykjavik, Iceland"]
[Date "2014.03.08"]
[Round "6.32"]
[White "Gueler, Sebastian"]
[Black "Aravindh, Chithambaram Vr"]
[Result "0-1"]
[WhiteElo "2208"]
[BlackElo "2395"]
[EventDate "2014.03.04"]
[PlyCount "58"]

1. Nf3 d5 2. d4 Nf6 3. c4 e6 4. Nc3 Be7 5. cxd5 exd5 6. Bg5 c6 7. Qc2 Nbd7
8. e3 O-O 9. Bd3 Re8 10. O-O Nf8 11. h3 g6 12. Rab1 Ne6 13. Bh4 a5 14. a3 
Nh5 15. Bxe7 Qxe7 16. b4 Nhg7 17. Rfc1 Ng5 18. Nxg5 Qxg5 19. Kh1 axb4 20. 
axb4 Nf5 21. b5 Nh4 22. Rg1 Qh6 23. Qd1 Nf5 24. Bf1 Nxe3 25. fxe3 Rxe3 26.
 Qc1 Bxh3 27. gxh3 Rxh3+ 28. Kg2 Qh4 29. Qe1 Qg4+ 0-1

[Event "N1 Reykjavik Open 2014"]
[Site "Reykjavik, Iceland"]
[Date "2014.03.08"]
[Round "6.33"]
[White "Beltz, Franziska"]
[Black "Soors, Stef"]
[Result "0-1"]
[WhiteElo "2155"]
[BlackElo "2394"]
[EventDate "2014.03.04"]
[PlyCount "60"]

1. e4 c6 2. d4 d5 3. Nd2 dxe4 4. Nxe4 Bf5 5. Ng3 Bg6 6. Nf3 Nd7 7. Bd3 
Bxd3 8. Qxd3 Ngf6 9. O-O e6 10. Re1 Be7 11. c4 O-O 12. b3 a5 13. a3 Re8 
14. Bb2 Qc7 15. Rad1 Rab8 16. Ne5 Red8 17. Qf3 Nxe5 18. dxe5 Rxd1 19. Rxd1
Nd7 20. Nh5 Nf8 21. Nf6+ gxf6 22. exf6 Bd6 23. Qg4+ Ng6 24. h4 Be5 25. Bc1
h5 26. Qg5 Rd8 27. Rf1 Bh2+ 28. Kh1 Bf4 29. Qxh5 Bxc1 30. g4 Rd3 0-1

[Event "N1 Reykjavik Open 2014"]
[Site "Reykjavik, Iceland"]
[Date "2014.03.08"]
[Round "6.34"]
[White "Thorfinnsson, Bjorn"]
[Black "Christiansen, Johan-Sebastian"]
[Result "1/2-1/2"]
[WhiteElo "2389"]
[BlackElo "2209"]
[EventDate "2014.03.04"]
[PlyCount "75"]

1. d4 Nf6 2. c4 c5 3. d5 b5 4. cxb5 a6 5. bxa6 g6 6. Nc3 Bg7 7. e4 Qa5 8. 
Bd2 Bxa6 9. Bxa6 Qxa6 10. e5 Ng8 11. Nf3 Nh6 12. Qe2 Qxe2+ 13. Kxe2 Na6 
14. Ne4 O-O 15. h3 f5 16. Neg5 Nc7 17. e6 d6 18. h4 Rfb8 19. a4 Nxd5 20. 
Ra2 Rxb2 21. Rxb2 Bxb2 22. h5 Bg7 23. a5 c4 24. Rb1 Ng4 25. a6 h6 26. Nf7 
g5 27. Rb5 Nc7 28. Rb7 Nxe6 29. Rxe7 Rxa6 30. Nxh6+ Bxh6 31. Rxe6 Ra2 32. 
Ke1 Ra1+ 33. Ke2 Ra2 34. Ke1 Ra1+ 35. Ke2 Ra2 36. Ke1 Ra1+ 37. Ke2 Ra2 38.
 Ke1 1/2-1/2

[Event "N1 Reykjavik Open 2014"]
[Site "Reykjavik, Iceland"]
[Date "2014.03.08"]
[Round "6.35"]
[White "Gledura, Benjamin"]
[Black "Rydstrom, Tom"]
[Result "1-0"]
[WhiteElo "2385"]
[BlackElo "2198"]
[EventDate "2014.03.04"]
[PlyCount "0"]

1. d4 d5 2. c4 c6 3. Nf3 Nf6 4. Nc3 e6 5. e3 Nbd7 6. Qc2 Bd6 7. Bd3 O-O 8.
 O-O h6 9. Rd1 b6 10. b3 Bb7 11. Bb2 Rc8 12. Qe2 Qe7 13. Rac1 Rfd8 14. e4 
dxe4 15. Nxe4 Nxe4 16. Bxe4 Ba3 17. Bxa3 Qxa3 18. Ne5 Qe7 19. Qf3 Nxe5 20.
 dxe5 Qc7 21. Rxd8+ Rxd8 22. Rd1 Rxd1+ 23. Qxd1 c5 24. Qd6 Qc8 25. Bc2 Bc6
26. h4 h5 27. a3 g6 28. b4 Be8 29. b5 Kg7 30. Be4 Bd7 31. f3 Be8 32. a4 
Qd7 33. Bc6 Qc8 34. Kh2 Kg8 35. Kg3 Kg7 36. Kf4 Kg8 37. Kg5 Kg7 38. Kf4 
Kg8 39. Kg5 Kg7 40. Be4 Qd7 41. Qxd7 Bxd7 42. Bc6 Bc8 43. g4 hxg4 44. fxg4
a6 45. h5 axb5 46. axb5 1-0

[Event "N1 Reykjavik Open 2014"]
[Site "Reykjavik, Iceland"]
[Date "2014.03.08"]
[Round "6.36"]
[White "Vanheirzeele, Daniel"]
[Black "Arngrimsson, Dagur"]
[Result "0-1"]
[WhiteElo "2116"]
[BlackElo "2382"]
[EventDate "2014.03.04"]
[PlyCount "0"]

1. d4 d5 2. c4 c6 3. Nf3 Nf6 4. Nc3 dxc4 5. a4 Bf5 6. Ne5 Nbd7 7. Nxc4 Nb6
8. Ne5 a5 9. g3 e6 10. Bg2 Bb4 11. O-O O-O 12. e3 Nfd7 13. Nxd7 Nxd7 14. 
e4 Bg6 15. Be3 Nf6 16. f3 Nd7 17. Qe2 Re8 18. Rad1 Qc7 19. Rc1 Rad8 20. 
Rfd1 Qb8 21. Qf2 h6 22. Nb1 f5 23. Nd2 Nf6 24. Bf4 Qa7 25. Be5 Nd7 26. Bc7
Rc8 27. Bf4 fxe4 28. Nxe4 Bxe4 29. fxe4 Rf8 30. Bh3 Rce8 31. Qe2 c5 32. 
Be3 cxd4 33. Bxd4 Bc5 34. Qe3 b6 35. Bxc5 Nxc5 36. Rd6 Rd8 37. Rcd1 Rxd6 
38. Rxd6 Qc7 39. e5 Ne4 40. Bxe6+ Kh8 41. Rd1 Qxe5 42. Re1 Qc5 43. Bd5 
Qxd5 44. Qxe4 Qd2 45. b3 Qf2+ 46. Kh1 Qf3+ 47. Qxf3 Rxf3 48. Rb1 Kg8 49. 
Kg2 Rc3 50. b4 Ra3 51. bxa5 bxa5 52. Rb7 Rxa4 53. Ra7 Kh7 54. Ra6 g5 55. 
Kg1 Ra2 56. Kh1 a4 57. Kg1 a3 58. Kh1 Kg7 59. Ra7+ Kf6 60. Ra5 Ke6 61. Kg1
Kd6 62. Kh1 Kc6 63. Kg1 Kb6 64. Ra8 Kc5 65. Kh1 Kc4 66. Rc8+ Kd4 67. Ra8 
Ke3 68. Re8+ Kf3 69. Rf8+ Kg4 0-1

[Event "N1 Reykjavik Open 2014"]
[Site "Reykjavik, Iceland"]
[Date "2014.03.08"]
[Round "6.37"]
[White "Abrahamyan, Tatev"]
[Black "Derraugh, Geordie"]
[Result "1-0"]
[WhiteElo "2376"]
[BlackElo "2173"]
[EventDate "2014.03.04"]
[PlyCount "69"]

1. e4 c5 2. Nf3 d6 3. d4 cxd4 4. Nxd4 Nf6 5. Nc3 a6 6. f3 e5 7. Nb3 Be6 8.
 Be3 Nbd7 9. g4 Nb6 10. g5 Nfd7 11. Qd2 Bc4 12. Na5 Bxf1 13. Rxf1 Qc7 14. 
O-O-O Be7 15. h4 Nc5 16. Kb1 Rc8 17. f4 Nca4 18. Nxa4 Nxa4 19. f5 d5 20. 
exd5 Ba3 21. d6 Bxd6 22. g6 O-O 23. gxh7+ Kxh7 24. f6 g6 25. h5 g5 26. Nb3
Ba3 27. Qd3+ Kh8 28. Bc1 e4 29. Qxe4 Nxb2 30. Bxb2 Rfe8 31. Qg2 Bxb2 32. 
Kxb2 Qc4 33. Qxg5 Qxc2+ 34. Ka3 Rg8 35. Qh6+ 1-0